Otra economía es posible: una mirada más allá del año 2004 /

Spremljeno u:
Bibliografski detalji
Glavni autor: Dierckxsens, Wim
Format: Tekst
Teme:
Oznake: Dodaj oznaku
Bez oznaka, Budi prvi tko označuje ovaj zapis!

MARC

LEADER 00000 a a2200000 04500
001 14344
003
040
100 |a Dierckxsens, Wim  
245 |a Otra economía es posible:   |b una mirada más allá del año 2004 /  |c Wim Dierckxsens 
650 |a CAPITALISMO  
650 |a CRISIS  
650 |a RECESION ECONOMICA  
650 |a NEOLIBERALISMO  
650 |a EMPRESAS TRANSNACIONALES  
650 |a CONCENTRACION DEL CAPITAL  
650 |a SOBREPRODUCCION  
650 |a DEPRECIACION DEL CAPITAL  
650 |a PAISES DESARROLLADOS  
650 |a IMPERIALISMO  
650 |a COMPETENCIA  
650 |a INTEGRACION ECONOMICA  
650 |a ACUERDOS INTERNACIONALES  
650 |a CRIS  
773 |g volumen 9, 63/64; páginas 1-19  
999 |c 20395  |d 20395